| 000 | 00882nam a2200253 a 4500 | ||
|---|---|---|---|
| 001 | |||
| 003 | DO-SdBNP | ||
| 005 | 20211013135622.0 | ||
| 008 | 091012s2000 dr 001 0 spa d | ||
| 020 | _a9993401560 | ||
| 040 |
_aDO-SdBNP _bspa _cBPMSU |
||
| 082 |
_a398.97293 _bV434a 2000 _222 |
||
| 100 | 1 | _aVelázquez Velázquez, Lorenzo | |
| 245 | 1 | 0 |
_aAsí somos en el Cibao / _cLorenzo Velázquez Velázquez. |
| 260 |
_aSanto Domingo : _bLibrería La Trinitaria, _c2000. |
||
| 300 |
_a107 p. ; _c21 cm. |
||
| 500 | _aIncluye datos biográficos del autor en la contracubierta. | ||
| 590 | _aInventariado,2018/DG | ||
| 650 | 4 |
_aCiudades y pueblos _zCibao, (Región, República Dominicana ) |
|
| 650 | 4 |
_aFolclor _zCibao (Región, República Dominicana) |
|
| 651 | 4 |
_aCibao (Región,República Dominicana) _xVida social y costumbres |
|
| 910 | _aVMateo V. | ||
| 942 |
_2ddc _cBK |
||
| 999 |
_c13375 _d13375 |
||